|
|
|
|
| LEADER |
00000caa a22000002c 4500 |
| 001 |
1912450593 |
| 003 |
DE-627 |
| 005 |
20250121055004.0 |
| 007 |
cr uuu---uuuuu |
| 008 |
241217s2013 xx |||||o 00| ||eng c |
| 024 |
7 |
|
|a 10.1007/s10464-013-9577-3
|2 doi
|
| 035 |
|
|
|a (DE-627)1912450593
|
| 035 |
|
|
|a (DE-599)KXP1912450593
|
| 040 |
|
|
|a DE-627
|b ger
|c DE-627
|e rda
|
| 041 |
|
|
|a eng
|
| 084 |
|
|
|a 2,1
|2 ssgn
|
| 100 |
1 |
|
|a Fehler-Cabral, Giannina
|e VerfasserIn
|4 aut
|
| 245 |
1 |
0 |
|a Adolescent sexual assault disclosure: The impact of peers, families, and schools
|
| 264 |
|
1 |
|c 2013
|
| 336 |
|
|
|a Text
|b txt
|2 rdacontent
|
| 337 |
|
|
|a Computermedien
|b c
|2 rdamedia
|
| 338 |
|
|
|a Online-Ressource
|b cr
|2 rdacarrier
|
| 700 |
1 |
|
|a Campbell, Rebecca
|e VerfasserIn
|4 aut
|
| 773 |
0 |
8 |
|i Enthalten in
|t American journal of community psychology
|d [New York] : Wiley, 1973
|g 52(2013), 1-2, Seite 73-83
|h Online-Ressource
|w (DE-627)320523209
|w (DE-600)2014838-0
|w (DE-576)106801821
|x 1573-2770
|7 nnas
|
| 773 |
1 |
8 |
|g volume:52
|g year:2013
|g number:1-2
|g pages:73-83
|
| 787 |
0 |
8 |
|i Forschungsdaten
|a Campbell, Rebecca
|t Adolescent Sexual Assault Victims' Experiences with SANE-SARTs and the Criminal Justice System, 1998-2007
|d [Erscheinungsort nicht ermittelbar] : [Verlag nicht ermittelbar], 2013
|w (DE-627)1840047844
|
| 856 |
4 |
0 |
|u https://doi.org/10.1007/s10464-013-9577-3
|x Resolving-System
|z lizenzpflichtig
|3 Volltext
|7 1
|
| 935 |
|
|
|a mkri
|
| 951 |
|
|
|a AR
|
| ELC |
|
|
|a 1
|
| LOK |
|
|
|0 000 xxxxxcx a22 zn 4500
|
| LOK |
|
|
|0 001 4637416086
|
| LOK |
|
|
|0 003 DE-627
|
| LOK |
|
|
|0 004 1912450593
|
| LOK |
|
|
|0 005 20241217044127
|
| LOK |
|
|
|0 008 241217||||||||||||||||ger|||||||
|
| LOK |
|
|
|0 035
|a (DE-2619)ICPSR113834
|
| LOK |
|
|
|0 040
|a DE-2619
|c DE-627
|d DE-2619
|
| LOK |
|
|
|0 092
|o n
|
| LOK |
|
|
|0 852
|a DE-2619
|
| LOK |
|
|
|0 852 1
|9 00
|
| LOK |
|
|
|0 935
|a nacp
|
| LOK |
|
|
|0 939
|a 17-12-24
|b l01
|
| ORI |
|
|
|a SA-MARC-krimdoka001.raw
|